Control of electric motors / (Record no. 13198)
[ view plain ]
| 000 -LEADER | |
|---|---|
| fixed length control field | 00769cam a2200265u 4500 |
| 001 - CONTROL NUMBER | |
| control field | 13198 |
| 003 - CONTROL NUMBER IDENTIFIER | |
| rucl marc code | BD-RjUL |
| 005 - DATE AND TIME OF LATEST TRANSACTION | |
| control field | 20211208235423.0 |
| 008 - FIXED-LENGTH DATA ELEMENTS--GENERAL INFORMATION | |
| fixed length control field | 140130s19561952nyua 001 0 eng |
| 035 ## - SYSTEM CONTROL NUMBER | |
| System control number | (BD-RjUL)13249 |
| 040 ## - CATALOGING SOURCE | |
| Original cataloging agency | DLC |
| Transcribing agency | CarP |
| Modifying agency | BD-RjUL |
| Language of cataloging | eng |
| 041 ## - LANGUAGE CODE | |
| Language code of text/sound track or separate title | eng |
| 082 00 - DEWEY DECIMAL CLASSIFICATION NUMBER | |
| Classification number | 621.462 |
| Author mark and year | HAC 1956 |
| 100 1# - MAIN ENTRY--PERSONAL NAME | |
| Personal name | Harwood, Paisley Beach, |
| Dates associated with a name | 1894- |
| 9 (RLIN) | 41105 |
| 245 10 - TITLE STATEMENT | |
| Title | Control of electric motors / |
| Statement of responsibility, etc. | Paisley Beach Harwood. |
| 250 ## - EDITION STATEMENT | |
| Edition statement | 3d ed. |
| 260 ## - PUBLICATION, DISTRIBUTION, ETC. (IMPRINT) | |
| Place of publication, distribution, etc. | New York : |
| Name of publisher, distributor, etc. | Wiley, |
| Date of publication, distribution, etc. | c1952 [Printing 1956]. |
| 300 ## - PHYSICAL DESCRIPTION | |
| Pagination | 538 p. : |
| Illustrations | illus. ; |
| Size | 24 cm. |
| 500 ## - GENERAL NOTE | |
| General note | Includes index. |
| 650 #0 - SUBJECT ADDED ENTRY--TOPICAL TERM | |
| Topical term or geographic name as entry element | Electric motors. |
| General subdivision | Automatic control. |
| 9 (RLIN) | 41106 |
| Topical term or geographic name as entry element | Electric controllers. |
| 9 (RLIN) | 27864 |
| 942 ## - ADDED ENTRY ELEMENTS (KOHA) | |
| Source of classification or shelving scheme | Dewey Decimal Classification |
| Koha item type | Books |
| Lost status | Source of classification or shelving scheme | Damaged status | Not for loan | Collection code | Permanent Location | Current Location | Shelving location | Date acquired | Source of acquisition | Cost, normal purchase price | Total Checkouts | Full call number | Date last seen | Copy number | Koha item type |
|---|---|---|---|---|---|---|---|---|---|---|---|---|---|---|---|
| Dewey Decimal Classification | Not For Loan | Non-fiction | Central Library, University of Rajshahi | Central Library, University of Rajshahi | Reading Room | 23/09/1958 | Wiley and sons | 7.20 | 621.462 HAC 1956 | 30/01/2014 | C-1 | Books |